| 000 | 00691cab a2200241 4500 | ||
|---|---|---|---|
| 001 | WB3316-28 | ||
| 008 | 090401t1997 xxu||||| |||| 00| 0 eng d | ||
| 035 | _a(Sirsi) u77952 | ||
| 041 | _aeng | ||
| 245 | _aNo right to watch TV | ||
| 260 | _c1997 | ||
| 350 | _a0 | ||
| 490 |
_aTimes _v25 April 1997,5&39(2) |
||
| 520 | _aResidents living near Canary Wharf tower, Britains tallest office block have been barred from claiming damages for television interference. | ||
| 650 | _aCANARY WHARF TOWER | ||
| 650 | _aDOCKLANDS | ||
| 650 | _aNUISANCE | ||
| 650 | _aTALLEST BUILDING | ||
| 650 | _aTELEVISION INTERFERENCE | ||
| 690 | _aLAW-CASE LAW | ||
| 942 | _n0 | ||
| 948 | _c25/04/1997 | ||
| 999 |
_c49023 _d49023 |
||